000 00551nam a2200157 i 4500
001 40570
003 ES-MaACL
005 20230906160247.0
007 t|
008 030306s1920 fr ||||1| fre d
100 1 _aCarré de Malberg, R.
_935603
245 1 0 _aContribution a la theorie generale de l'etat specialement d'apres les données fournies par le droit constitutionnel français /
_cpar R. Carre de Malberg.
260 _aParis :
_b[s.n.,
_c1920] (
_eBar-le-Duc :
_fContant Laguerre)
300 _a2 v. ;
_c24 cm.
852 _aES-MaACL
_jA-50-51
999 _c40570
_d40570